000 01883nam a2200469 a 4500
001 ebr10194119
003 CaPaEBR
006 m u
007 cr cn|||||||||
008 070104s2007 nyu sb 001 0 eng
010 _z 2007060000
020 _z1403970297 (alk. paper)
020 _z9781403970299 (alk. paper)
040 _aCaPaEBR
_cCaPaEBR
035 _a(OCoLC)237083561
043 _ae------
_aec-----
_aee-----
050 1 4 _aJN96.A58
_bK88 2007eb
082 0 4 _a327.437
_222
084 _a89.71
_2bcl
100 1 _aKuus, Merje.
245 1 0 _aGeopolitics reframed
_h[electronic resource] :
_bsecurity and identity in Europe's eastern enlargement /
_cMerje Kuus.
250 _a1st ed.
260 _aNew York :
_bPalgrave Macmillan,
_c2007.
300 _axiv, 207 p.
490 1 _aNew visions in security
504 _aIncludes bibliographical references (p. [123]-204) and index.
533 _aElectronic reproduction.
_bPalo Alto, Calif. :
_cebrary,
_d2013.
_nAvailable via World Wide Web.
_nAccess may be limited to ebrary affiliated libraries.
610 2 0 _aEuropean Union
_zEurope, Central.
610 2 0 _aNorth Atlantic Treaty Organization
_zEurope, Central.
610 2 0 _aEuropean Union
_zEurope, Eastern.
610 2 0 _aNorth Atlantic Treaty Organization
_zEurope, Eastern.
650 0 _aGeopolitics
_zEurope, Central.
650 0 _aGeopolitics
_zEurope, Eastern.
650 0 _aNational security
_zEurope, Central.
650 0 _aNational security
_zEurope, Eastern.
651 0 _aEurope, Central
_xPolitics and government
_y1989-
651 0 _aEurope, Eastern
_xPolitics and government
_y1989-
655 7 _aElectronic books.
_2local
710 2 _aebrary, Inc.
830 0 _aNew visions in security.
856 4 0 _uhttp://site.ebrary.com/lib/rucke/Doc?id=10194119
_zAn electronic book accessible through the World Wide Web; click to view
999 _c221279
_d221279